00389nam a2200145Ia 4500008004100000020001500041041000800056082001800064100001500082245004800097250000600145260005300151300001300204650002600217210716s2006 xx 000 0 und d a8125918302 aeng a658.1511 AROM aArora, M N aTextbook of cost and management accounting. a8 aNew DelhibVikas Publishing House Pvt Ltdc2006 axiv,22.4 aManagement Accounting